[Event "Women's Speed Chess GP2"]
[Site "chess.com INT"]
[Date "2020.07.01"]
[Round "1.8"]
[White "Girya, Olga"]
[Black "Ju, Wenjun"]
[Result "0-1"]
[WhiteTitle "WGM"]
[BlackTitle "GM"]
[WhiteElo "2469"]
[BlackElo "2560"]
[WhiteFideId "4195752"]
[BlackFideId "8603006"]
[EventDate "2020.07.01"]
[EventType "k.o. blitz"]

1. d4 Nf6 2. c4 e6 3. Nf3 d5 4. Nc3 Be7 5. Bf4 O-O 6. e3 Nbd7 7. a3 c5 8. cxd5
Nxd5 9. Nxd5 exd5 10. dxc5 Nxc5 11. Be5 Bf5 12. Be2 Bf6 13. Bd4 Bxd4 14. Nxd4
Qf6 15. O-O Ne6 16. Nxf5 Qxf5 17. Rc1 Rfd8 18. Qb3 b6 19. Rfd1 d4 20. Bf3 Rab8
21. h3 Nc5 22. Qc4 dxe3 23. fxe3 h6 24. Rf1 Qe5 25. b4 Qxe3+ 26. Kh1 Nd3 27. Rc3
Rd4 28. Qc7 Rf8 29. Kh2 Qe5+ 30. Qxe5 Nxe5 31. Rc7 a5 32. bxa5 bxa5 33. Ra7 Ra4
34. Bd5 Rxa3 35. Re7 Re3 36. Ra7 Ra3 37. Re7 Re3 38. Ra7 g6 39. Rxa5 Kg7 40. Ra7
Rd3 41. Ba2 Rd6 42. Ra5 Nd7 43. Ra7 Rf6 44. Re1 Nc5 45. Ree7 Nd3 46. Bc4 Nf4 47.
Bb3 g5 48. Kg3 Ng6 49. Kh2 Nxe7 50. Rxe7 Rd8 0-1

[Event "Women's Speed Chess GP2"]
[Site "chess.com INT"]
[Date "2020.07.01"]
[Round "1.9"]
[White "Ju, Wenjun"]
[Black "Girya, Olga"]
[Result "0-1"]
[WhiteTitle "GM"]
[BlackTitle "WGM"]
[WhiteElo "2560"]
[BlackElo "2469"]
[WhiteFideId "8603006"]
[BlackFideId "4195752"]
[EventDate "2020.07.01"]
[EventType "k.o. blitz"]

1. d4 d5 2. c4 e6 3. Nf3 Nf6 4. e3 b6 5. b3 Bd6 6. Bd3 O-O 7. O-O Bb7 8. Bb2
Nbd7 9. Nbd2 Qe7 10. Qe2 Ne4 11. Rac1 f5 12. Rfd1 c6 13. Ne5 Nxe5 14. dxe5 Bb4
15. Nf1 Ba3 16. Bxe4 Bxb2 17. Qxb2 fxe4 18. Ng3 Rf7 19. b4 Raf8 20. Rd2 Qg5 21.
Re1 h5 22. h3 h4 23. Nf1 Rf5 24. cxd5 exd5 25. Qa3 a6 26. Qc3 Rxe5 27. Qd4 Re6
28. Qxb6 Rg6 29. g3 hxg3 30. Nxg3 Bc8 31. Qc7 Bxh3 32. Rc1 Qf6 33. Rdc2 Qf3 0-1

[Event "Women's Speed Chess GP2"]
[Site "chess.com INT"]
[Date "2020.07.01"]
[Round "1.10"]
[White "Girya, Olga"]
[Black "Ju, Wenjun"]
[Result "1/2-1/2"]
[WhiteTitle "WGM"]
[BlackTitle "GM"]
[WhiteElo "2469"]
[BlackElo "2560"]
[WhiteFideId "4195752"]
[BlackFideId "8603006"]
[EventDate "2020.07.01"]
[EventType "k.o. blitz"]

1. d4 Nf6 2. c4 e6 3. Nf3 d5 4. Nc3 Be7 5. Bf4 O-O 6. e3 Nbd7 7. cxd5 exd5 8.
Bd3 c5 9. O-O b6 10. Rc1 Bb7 11. b3 Rc8 12. Ne5 Nxe5 13. Bxe5 Nd7 14. Bg3 cxd4
15. exd4 Ba3 16. Rc2 a6 17. Qh5 g6 18. Qf3 Qf6 19. Qxf6 Nxf6 20. Be5 Nd7 21. Bf4
Bb4 22. Na4 b5 23. Nb2 Rxc2 24. Bxc2 Bc3 25. Nd3 Bxd4 26. Rd1 Nf6 27. Nb4 Bc3
28. Bg5 Ne4 29. Be7 Re8 30. Bxe4 Rxe7 31. Nxd5 Rxe4 32. Nxc3 Re7 33. f3 Kg7 34.
Kf2 b4 35. Ne2 Rc7 36. Rd2 f6 37. Nf4 Kf7 38. Nd3 a5 39. Nb2 Ba6 40. Ke3 Ke6 41.
Na4 Bb5 42. Nb2 Rc1 43. Nd3 Rc3 44. Kd4 Bxd3 45. Rxd3 Rxd3+ 46. Kxd3 Kd5 47. h4
h5 48. g3 g5 49. f4 g4 50. Ke3 f5 51. Kd3 Kc5 52. Ke3 Kd5 53. Kd3 Kc5 54. Ke3
Kd5 1/2-1/2

[Event "Women's Speed Chess GP2"]
[Site "chess.com INT"]
[Date "2020.07.01"]
[Round "1.11"]
[White "Ju, Wenjun"]
[Black "Girya, Olga"]
[Result "0-1"]
[WhiteTitle "GM"]
[BlackTitle "WGM"]
[WhiteElo "2560"]
[BlackElo "2469"]
[WhiteFideId "8603006"]
[BlackFideId "4195752"]
[EventDate "2020.07.01"]
[EventType "k.o. blitz"]

1. e4 c6 2. Nf3 d5 3. d3 dxe4 4. dxe4 Qxd1+ 5. Kxd1 Nf6 6. Nbd2 Ng4 7. Ke1 g6 8.
h3 Nf6 9. Bd3 Bg7 10. a4 O-O 11. Ke2 Nbd7 12. c3 Nc5 13. Bc2 b6 14. b4 Ba6+ 15.
Ke1 Nd3+ 16. Bxd3 Bxd3 17. Ne5 Bxe4 18. f3 Bd5 19. c4 Nh5 20. Bb2 Be6 21. Kf2
Nf4 22. Ra3 Rad8 23. Ke3 Nxg2+ 24. Ke2 Nf4+ 25. Ke3 Bh6 26. Kf2 Nxh3+ 27. Kg3
Rxd2 0-1

[Event "Women's Speed Chess GP2"]
[Site "chess.com INT"]
[Date "2020.07.01"]
[Round "1.12"]
[White "Girya, Olga"]
[Black "Ju, Wenjun"]
[Result "1-0"]
[WhiteTitle "WGM"]
[BlackTitle "GM"]
[WhiteElo "2469"]
[BlackElo "2560"]
[WhiteFideId "4195752"]
[BlackFideId "8603006"]
[EventDate "2020.07.01"]
[EventType "k.o. blitz"]

1. d4 Nf6 2. c4 e6 3. Nf3 d5 4. Nc3 Be7 5. Bf4 O-O 6. e3 Nbd7 7. a3 c5 8. cxd5
Nxd5 9. Nxd5 exd5 10. dxc5 Nxc5 11. Be5 Bf5 12. Be2 Bf6 13. Bxf6 Qxf6 14. Qd4
Nb3 15. Qxf6 gxf6 16. Rd1 Be4 17. Nd4 Nxd4 18. Rxd4 Rfd8 19. f3 Bf5 20. Kf2 Rac8
21. Rhd1 Rc2 22. R1d2 Rxd2 23. Rxd2 Rd7 24. g4 Be6 25. Rc2 d4 26. exd4 Rxd4 27.
Rc7 Rd2 28. b4 b6 29. Ke3 Ra2 30. Rxa7 Kg7 31. h4 h6 32. h5 Rb2 33. Bd3 Rb3 34.
Kd4 Rb2 35. Ra6 Rb3 36. Rxb6 Rxa3 37. Rb8 Ra4 38. Ke3 Ra3 39. Kd4 Ra4 40. Be4
Bd7 41. Ke3 Ra3+ 42. Kf4 Rb3 43. Rb7 Bc8 44. Rb6 Bd7 45. Rb7 Be6 46. b5 Kf8 47.
b6 Rb4 48. Rb8+ Kg7 49. Kg3 Bd7 50. b7 1-0

[Event "Women's Speed Chess GP2"]
[Site "chess.com INT"]
[Date "2020.07.01"]
[Round "1.1"]
[White "Abdumalik, Zhansaya"]
[Black "Cori T., Deysi"]
[Result "1/2-1/2"]
[WhiteTitle "IM"]
[BlackTitle "WGM"]
[WhiteElo "2478"]
[BlackElo "2388"]
[WhiteFideId "13703544"]
[BlackFideId "3801934"]
[EventDate "2020.07.01"]
[EventType "k.o. blitz"]

1. e4 d5 2. exd5 Qxd5 3. Nc3 Qd6 4. Nf3 Nf6 5. d4 a6 6. Be2 Bf5 7. O-O Nc6 8.
Be3 O-O-O 9. a3 e5 10. dxe5 Nxe5 11. Qxd6 Nxf3+ 12. Bxf3 Bxd6 13. Rac1 h6 14.
Ne2 Rhe8 15. Nd4 Bh7 16. b4 Be5 17. c3 Nd5 18. Bxd5 Rxd5 19. Nf3 Bf6 20. Bd4
Bxd4 21. Nxd4 Rde5 22. f4 Re3 23. f5 g6 24. fxg6 Bxg6 25. Nf5 Re2 26. Nxh6 Ra2
27. Rf2 Rxa3 28. Nxf7 Re3 29. c4 Bd3 30. h3 a5 31. bxa5 Rxa5 32. c5 Be4 33. Ng5
Bd5 34. h4 Kd7 35. Nh3 Kc6 36. Rf6+ Kb5 37. Nf4 Bc6 38. Rf7 Ra2 39. Rg7 Re4 40.
Nd3 Rxh4 41. Rb1+ Ka5 42. Rg8 Bb5 43. Ne5 Re4 44. Nf3 Ree2 45. Nd4 Reb2 46. Rd1
Ba6 47. Ne6 c6 48. Rf8 Re2 49. Nf4 Re5 50. Rc1 Rg5 51. Re8 Ra4 52. Nh3 Rgg4 53.
Nf2 Rg5 54. Re3 Rc4 55. Rxc4 Bxc4 56. Ne4 Re5 57. Kf2 Kb4 58. Nd6 Rxe3 59. Kxe3
Bd5 60. Nxb7 Bxg2 61. Kd4 Bd5 62. Nd8 Kb5 63. Nb7 Bg2 64. Nd6+ Ka6 65. Nf5 Bd5
66. Ne3 Bf3 67. Ke5 Kb5 68. Kd6 Be4 69. Ng4 Bg2 70. Ne5 Be4 71. Nd7 Bd5 72. Nf6
Bf3 73. Ne8 Be4 74. Nc7+ Kc4 75. Ne6 Bd5 76. Nd8 Kb5 77. Nb7 Bg2 78. Nd8 Bd5 79.
Nb7 Bg2 80. Kc7 Bd5 81. Kd6 1/2-1/2

[Event "Women's Speed Chess GP2"]
[Site "chess.com INT"]
[Date "2020.07.01"]
[Round "1.2"]
[White "Cori T., Deysi"]
[Black "Abdumalik, Zhansaya"]
[Result "1-0"]
[WhiteTitle "WGM"]
[BlackTitle "IM"]
[WhiteElo "2388"]
[BlackElo "2478"]
[WhiteFideId "3801934"]
[BlackFideId "13703544"]
[EventDate "2020.07.01"]
[EventType "k.o. blitz"]

1. d4 Nf6 2. c4 g6 3. Nc3 d5 4. cxd5 Nxd5 5. e4 Nxc3 6. bxc3 Bg7 7. Bg5 h6 8.
Be3 O-O 9. Nf3 c5 10. Rc1 b6 11. Qd2 Kh7 12. Be2 Bb7 13. d5 f5 14. exf5 gxf5 15.
c4 Qd6 16. Qc2 e5 17. g4 Bc8 18. Nh4 e4 19. Nxf5 Bxf5 20. gxf5 Qe5 21. Rg1 Nd7
22. f4 Qe7 23. Kd2 Rad8 24. Rg6 Rxf5 25. Re6 Qf8 26. Qxe4 Kh8 27. Bd3 1-0

[Event "Women's Speed Chess GP2"]
[Site "chess.com INT"]
[Date "2020.07.01"]
[Round "1.3"]
[White "Abdumalik, Zhansaya"]
[Black "Cori T., Deysi"]
[Result "1-0"]
[WhiteTitle "IM"]
[BlackTitle "WGM"]
[WhiteElo "2478"]
[BlackElo "2388"]
[WhiteFideId "13703544"]
[BlackFideId "3801934"]
[EventDate "2020.07.01"]
[EventType "k.o. blitz"]

1. e4 d5 2. exd5 Qxd5 3. Nc3 Qd6 4. d4 Nf6 5. Nf3 a6 6. h3 Nc6 7. Bc4 b5 8. Bb3
Bb7 9. O-O e6 10. a3 Be7 11. Ne2 Na5 12. Bf4 Qb6 13. Qd3 Rd8 14. Ba2 c5 15. dxc5
Bxc5 16. Qc3 Rc8 17. Nfd4 O-O 18. Be5 Rfd8 19. Qg3 Ne8 20. c3 Nc4 21. Bxc4 bxc4
22. Bf4 f6 23. Be3 Be4 24. Rfd1 e5 25. Nf3 Bxe3 26. fxe3 Qxe3+ 27. Qf2 Qxf2+ 28.
Kxf2 Nd6 29. Ng3 Bd3 30. Ne1 e4 31. Nf1 f5 32. g3 g5 33. Ng2 Rf8 34. Nfe3 f4 35.
gxf4 gxf4 36. Nd5 e3+ 37. Kg1 e2 38. Rd2 f3 39. Ngf4 Ne4 40. Rxd3 cxd3 41. Nxd3
f2+ 42. Nxf2 Rxf2 43. Ne7+ Kf7 44. Nxc8 Rf3 45. Re1 Rxh3 46. Rxe2 Rg3+ 47. Kh2
Rg4 48. Rxe4 Rg6 49. Ne7 Rb6 50. b4 h5 51. Nd5 Rc6 52. c4 Rc8 53. Kh3 1-0

[Event "Women's Speed Chess GP2"]
[Site "chess.com INT"]
[Date "2020.07.01"]
[Round "1.4"]
[White "Cori T., Deysi"]
[Black "Abdumalik, Zhansaya"]
[Result "0-1"]
[WhiteTitle "WGM"]
[BlackTitle "IM"]
[WhiteElo "2388"]
[BlackElo "2478"]
[WhiteFideId "3801934"]
[BlackFideId "13703544"]
[EventDate "2020.07.01"]
[EventType "k.o. blitz"]

1. d4 Nf6 2. c4 d6 3. Nf3 g6 4. Nc3 Bf5 5. h3 Ne4 6. Qb3 Nxc3 7. bxc3 b6 8. Nd2
Bg7 9. e4 Be6 10. Be2 O-O 11. O-O c5 12. Bb2 Nc6 13. d5 Na5 14. Qc2 Bd7 15. f4
f5 16. Bd3 Qe8 17. Rae1 Rb8 18. exf5 Bxf5 19. Nf3 Nxc4 20. Bxf5 Rxf5 21. Bc1 b5
22. g4 Rf8 23. Ng5 Qd7 24. Ne6 Rf7 25. Rf3 Nb6 26. Qe4 Qb7 27. Rd1 a5 28. f5
gxf5 29. Rxf5 Rxf5 30. Qxf5 Be5 31. Bh6 Nd7 32. Qg5+ Kf7 33. Rf1+ Nf6 34. Qg7+
Ke8 35. g5 Nxd5 36. Qxh7 Kd7 37. Nf8+ Kc6 38. Qe4 c4 39. Rd1 e6 40. Nxe6 Qa7+
41. Kh1 Qf2 42. Qxd5+ Kb6 43. Rd2 Qf1# 0-1

[Event "Women's Speed Chess GP2"]
[Site "chess.com INT"]
[Date "2020.07.01"]
[Round "1.5"]
[White "Abdumalik, Zhansaya"]
[Black "Cori T., Deysi"]
[Result "1-0"]
[WhiteTitle "IM"]
[BlackTitle "WGM"]
[WhiteElo "2478"]
[BlackElo "2388"]
[WhiteFideId "13703544"]
[BlackFideId "3801934"]
[EventDate "2020.07.01"]
[EventType "k.o. blitz"]

1. e4 d5 2. exd5 Qxd5 3. Nc3 Qd6 4. Nf3 Nf6 5. d4 a6 6. g3 Bg4 7. h3 Bh5 8. Bg2
Nc6 9. O-O O-O-O 10. Bf4 Qb4 11. g4 Bg6 12. a3 Qxb2 13. Qe1 e6 14. Rb1 Qxa3 15.
Ne5 Nd5 16. Nxd5 exd5 17. Nxc6 bxc6 18. Rb3 Qa4 19. Qc3 Bd6 20. Be3 Kd7 21. h4
f5 22. h5 Bf7 23. gxf5 Qc4 24. Qd2 Bxh5 25. Bg5 Rde8 26. f6 Re4 27. fxg7 Rg8 28.
Bxe4 dxe4 29. Rh3 Rxg7 30. Rxh5 Qf7 31. Qe2 Bf4 32. Qg4+ Kd6 33. Kh1 1-0

[Event "Women's Speed Chess GP2"]
[Site "chess.com INT"]
[Date "2020.07.01"]
[Round "1.6"]
[White "Cori T., Deysi"]
[Black "Abdumalik, Zhansaya"]
[Result "0-1"]
[WhiteTitle "WGM"]
[BlackTitle "IM"]
[WhiteElo "2388"]
[BlackElo "2478"]
[WhiteFideId "3801934"]
[BlackFideId "13703544"]
[EventDate "2020.07.01"]
[EventType "k.o. blitz"]

1. Nf3 Nf6 2. d4 g6 3. g3 Bg7 4. Bg2 O-O 5. O-O d5 6. Ne5 a5 7. c4 c6 8. cxd5
Nxd5 9. Nc3 Nf6 10. e4 Na6 11. Be3 h5 12. Qe2 Be6 13. Rfd1 Qc8 14. Na4 Qd8 15.
Rac1 Bxa2 16. d5 cxd5 17. exd5 Bb3 18. Bb6 Qd6 19. Rd4 Bxa4 20. Nc4 Qd7 21. Nxa5
Bb5 22. Qd2 Ng4 23. Re4 Rac8 24. Rce1 Qd6 25. Bd4 Bxd4 26. Rxd4 Qd7 27. d6 exd6
28. Rxd6 Qc7 29. Bd5 Kh7 30. Bxb7 Rcd8 31. Rxd8 Rxd8 32. Qc3 Qxc3 33. bxc3 Nc5
34. h3 Nf6 35. Re5 Nxb7 36. Nxb7 Rd1+ 37. Kh2 Bc6 0-1

[Event "Women's Speed Chess GP2"]
[Site "chess.com INT"]
[Date "2020.07.01"]
[Round "1.7"]
[White "Abdumalik, Zhansaya"]
[Black "Cori T., Deysi"]
[Result "0-1"]
[WhiteTitle "IM"]
[BlackTitle "WGM"]
[WhiteElo "2478"]
[BlackElo "2388"]
[WhiteFideId "13703544"]
[BlackFideId "3801934"]
[EventDate "2020.07.01"]
[EventType "k.o. blitz"]

1. e4 d5 2. exd5 Qxd5 3. Nc3 Qd6 4. Nf3 Nf6 5. d4 c6 6. g3 Bg4 7. Bg2 Nbd7 8.
O-O g6 9. Bf4 Qb4 10. Qd2 Bg7 11. h3 Be6 12. a3 Qa5 13. Rfe1 h6 14. b4 Qd8 15.
Ne5 Nxe5 16. Bxe5 O-O 17. Rad1 Qd7 18. Kh2 Rfd8 19. Na4 b6 20. Nc3 Rac8 21. Qe2
Bf5 22. g4 Be6 23. f4 Nxg4+ 24. hxg4 Bxg4 25. Qc4 Bxd1 26. Rxd1 Qg4 27. Rd3 b5
28. Qb3 Bxe5 29. dxe5 Qxf4+ 30. Rg3 Rd2 31. Ne4 Rxg2+ 32. Kxg2 Qxe4+ 33. Kf2
Qf4+ 34. Kg2 Qe4+ 35. Kf2 Kg7 36. Qc3 Qf5+ 37. Rf3 Qe6 38. Qd4 Rc7 39. c3 Rd7
40. Qe3 Rd5 41. Rh3 h5 42. Rf3 Rxe5 43. Qd4 f6 44. Kg3 Re4 45. Qd3 Re2 46. Qd4
g5 47. Rd3 h4+ 48. Kf3 Re5 49. Qg4 Rf5+ 50. Kg2 Re5 51. Qxe6 Rxe6 52. Rd7 a6 53.
Ra7 g4 54. Rxa6 Kg6 55. a4 bxa4 56. Rxa4 f5 57. Ra8 f4 58. Rg8+ Kf5 59. Rf8+ Ke4
60. Rh8 h3+ 61. Kf2 g3+ 62. Kg1 Kf3 63. Kf1 g2+ 64. Kg1 Re1+ 0-1

[Event "Women's Speed Chess GP2"]
[Site "chess.com INT"]
[Date "2020.07.01"]
[Round "1.8"]
[White "Cori T., Deysi"]
[Black "Abdumalik, Zhansaya"]
[Result "1-0"]
[WhiteTitle "WGM"]
[BlackTitle "IM"]
[WhiteElo "2388"]
[BlackElo "2478"]
[WhiteFideId "3801934"]
[BlackFideId "13703544"]
[EventDate "2020.07.01"]
[EventType "k.o. blitz"]

1. d4 Nf6 2. c4 g6 3. Nc3 d6 4. Nf3 Bf5 5. e3 Bg7 6. Bd3 Bxd3 7. Qxd3 O-O 8. O-O
Nbd7 9. Rd1 e5 10. dxe5 Nxe5 11. Nxe5 dxe5 12. Qc2 Qc8 13. Nd5 Re8 14. e4 Nd7
15. Bg5 f6 16. Be3 c6 17. Nb4 Qc7 18. c5 Nf8 19. Qc4+ Qf7 20. Qc3 Ne6 21. Nc2 f5
22. f3 f4 23. Bf2 Rad8 24. b4 g5 25. h3 h5 26. Na3 Nd4 27. Qc4 b5 28. cxb6 axb6
29. Qxf7+ Kxf7 30. Nc4 b5 31. Na5 Rd6 32. Bxd4 exd4 33. Rac1 Rc8 34. Rd3 Be5 35.
Rc5 Ke6 36. a3 Bf6 37. Kf2 Be5 38. Ke2 Rc7 39. Kd1 g4 40. hxg4 hxg4 41. fxg4 Rg7
42. Nxc6 Rg5 43. Rh3 Bf6 44. e5 Bxe5 45. Rh6+ Bf6 46. Rxg5 Rxc6 47. Rxb5 d3 48.
g5 Kf7 49. Rxf6+ Rxf6 50. gxf6 Kxf6 51. Kd2 Ke6 52. Kxd3 1-0

[Event "Women's Speed Chess GP2"]
[Site "chess.com INT"]
[Date "2020.07.01"]
[Round "1.9"]
[White "Abdumalik, Zhansaya"]
[Black "Cori T., Deysi"]
[Result "1-0"]
[WhiteTitle "IM"]
[BlackTitle "WGM"]
[WhiteElo "2478"]
[BlackElo "2388"]
[WhiteFideId "13703544"]
[BlackFideId "3801934"]
[EventDate "2020.07.01"]
[EventType "k.o. blitz"]

1. e4 g6 2. d4 d6 3. Nc3 Bg7 4. Nf3 Nd7 5. Bc4 Nb6 6. Bb3 e6 7. a4 a5 8. O-O Ne7
9. Be3 d5 10. Qd2 h6 11. Rfe1 dxe4 12. Nxe4 Nbd5 13. Rad1 Nxe3 14. Rxe3 c6 15.
Ree1 O-O 16. h3 Nf5 17. c3 b5 18. Nc5 Qc7 19. Ne5 Rd8 20. Qe2 b4 21. Qf3 bxc3
22. bxc3 Kh7 23. Nxc6 Rd6 24. Ne5 Rb8 25. Bc2 Bb7 26. Nxb7 Rxb7 27. g4 Nh4 28.
Qg3 Qe7 29. Nxf7 Qxf7 30. Qxh4 Rc6 31. Re3 Rb2 32. Rd2 Rcb6 33. Kg2 Kh8 34. Rf3
Qb7 35. Qg3 Kh7 36. Qf4 1-0

[Event "Women's Speed Chess GP2"]
[Site "chess.com INT"]
[Date "2020.07.01"]
[Round "1.10"]
[White "Cori T., Deysi"]
[Black "Abdumalik, Zhansaya"]
[Result "1-0"]
[WhiteTitle "WGM"]
[BlackTitle "IM"]
[WhiteElo "2388"]
[BlackElo "2478"]
[WhiteFideId "3801934"]
[BlackFideId "13703544"]
[EventDate "2020.07.01"]
[EventType "k.o. blitz"]

1. d4 Nf6 2. Nf3 g6 3. g3 Bg7 4. Bg2 O-O 5. O-O d5 6. Ne5 a5 7. c4 dxc4 8. Nxc4
c6 9. Nc3 Be6 10. Ne3 Nbd7 11. Qc2 Nb6 12. Rd1 Qc8 13. b3 Rd8 14. Bb2 Nbd5 15.
Ncxd5 Nxd5 16. Nc4 Bh3 17. Bf3 Bg4 18. Bg2 Bh3 19. e4 Nb4 20. Qe2 Bxg2 21. Kxg2
Qc7 22. a3 Na6 23. Rac1 b5 24. Ne3 Rac8 25. d5 Qb6 26. Bxg7 Kxg7 27. dxc6 Rxd1
28. Qxd1 Rxc6 29. Nd5 Rxc1 30. Qxc1 Qd4 31. Qf4 e6 32. Ne7 Nc5 33. Nc6 Qxe4+ 34.
Qxe4 Nxe4 35. Nxa5 Nd2 36. a4 bxa4 37. bxa4 Kf6 38. Nc6 Nb3 39. f4 e5 40. fxe5+
Ke6 41. Kf3 Kd5 42. Nd8 Kxe5 43. Nxf7+ Kf6 44. Nd6 Ke6 45. Ne4 Ke5 46. Ng5 h5
47. Ne4 Nd4+ 48. Ke3 Nc2+ 49. Kd3 Ne1+ 50. Ke2 Nc2 51. Nd2 Kd4 52. Kf3 Nb4 53.
Kf4 Nd5+ 54. Kg5 Nc3 55. Kxg6 Nxa4 56. Kxh5 Ke3 57. Nc4+ Ke4 58. g4 Nc5 59. g5
Ne6 60. Kh6 Kf5 61. g6 Kf6 62. Ne3 Ke7 63. h4 Kf8 64. h5 Kg8 65. Nf5 Kf8 66. g7+
Kf7 67. Kh7 Ng5+ 68. Kh8 Kf6 69. g8=Q Nf7+ 70. Kh7 Ng5+ 71. Kh6 Nf7+ 72. Kh7
Ng5+ 73. Qxg5+ Kxg5 74. h6 Kxf5 75. Kg7 Kg5 76. h7 Kf5 77. h8=Q Ke6 78. Qf8 Kd7
79. Qf5+ 1-0

[Event "Women's Speed Chess GP2"]
[Site "chess.com INT"]
[Date "2020.07.01"]
[Round "1.11"]
[White "Abdumalik, Zhansaya"]
[Black "Cori T., Deysi"]
[Result "1-0"]
[WhiteTitle "IM"]
[BlackTitle "WGM"]
[WhiteElo "2478"]
[BlackElo "2388"]
[WhiteFideId "13703544"]
[BlackFideId "3801934"]
[EventDate "2020.07.01"]
[EventType "k.o. blitz"]

1. e4 d5 2. exd5 Qxd5 3. Nc3 Qd6 4. Nf3 Nf6 5. d4 a6 6. g3 Bg4 7. Bg2 Nc6 8. h3
Bh5 9. O-O O-O-O 10. Bf4 Qb4 11. g4 Bg6 12. a3 Qxb2 13. Qe1 e6 14. Rb1 Qxa3 15.
Ne5 Nd5 16. Nxd5 exd5 17. Nxc6 bxc6 18. Rb3 Qa4 19. Qb1 Kd7 20. Rb7 Bd6 21. Bxd6
Kxd6 22. Qb2 Rhe8 23. Ra1 Qxc2 24. Qa3+ Kd7 25. Qg3 Rc8 26. h4 Be4 27. Bh3 Qd3
28. g5+ Re6 29. Bxe6+ fxe6 30. Qxd3 Bxd3 31. Rb3 Bc4 32. Rf3 Ke7 33. Kg2 Rb8 34.
Kg3 Rb2 35. Re3 Rd2 36. Rae1 Rxd4 37. Rxe6+ Kd7 38. Re7+ Kd6 39. Rxg7 Bd3 40.
Ree7 c5 41. Rd7+ Kc6 42. Rxc7+ Kb5 43. h5 Bf5 44. f3 Kc4 45. g6 hxg6 46. h6 g5
47. Rxg5 Bb1 48. h7 Bxh7 49. Rxh7 Rd1 50. Ra7 d4 51. Rxa6 d3 52. Rc6 Rg1+ 53.
Kf4 Rxg5 54. Kxg5 Kd5 55. Rc8 c4 56. Kf4 Kd4 57. Rd8+ Kc3 58. Ke3 Kc2 59. Rd4
Kc3 60. f4 Kb2 61. Rxd3 cxd3 62. Kxd3 Kb3 63. f5 1-0

[Event "Women's Speed Chess GP2"]
[Site "chess.com INT"]
[Date "2020.07.01"]
[Round "1.1"]
[White "Lagno, Kateryna"]
[Black "Ning, Kaiyu"]
[Result "1-0"]
[WhiteTitle "GM"]
[BlackTitle "WIM"]
[WhiteElo "2546"]
[BlackElo "2327"]
[WhiteFideId "14109336"]
[BlackFideId "8614750"]
[EventDate "2020.07.01"]
[EventType "k.o. blitz"]

1. e4 e6 2. d4 d5 3. Nc3 Nf6 4. Bg5 dxe4 5. Nxe4 Be7 6. Nxf6+ Bxf6 7. Bxf6 Qxf6
8. Nf3 c5 9. c3 O-O 10. dxc5 Nd7 11. Qd6 Qf5 12. b4 a5 13. Bd3 Qg4 14. O-O axb4
15. h3 Qh5 16. cxb4 Nf6 17. a4 Bd7 18. b5 Rfc8 19. Rfc1 Be8 20. Qe5 Qxe5 21.
Nxe5 Nd5 22. a5 f6 23. Nf3 Kf7 24. a6 bxa6 25. b6 Bc6 26. Bxa6 Rcb8 27. Nd4 Be8
28. b7 Ra7 29. c6 Nc7 30. Bc4 Rxa1 31. Rxa1 Ke7 32. Nb5 Bxc6 33. Nxc7 Rxb7 34.
Nxe6 Rb4 35. Ba2 1-0

[Event "Women's Speed Chess GP2"]
[Site "chess.com INT"]
[Date "2020.07.01"]
[Round "1.2"]
[White "Ning, Kaiyu"]
[Black "Lagno, Kateryna"]
[Result "0-1"]
[WhiteTitle "WIM"]
[BlackTitle "GM"]
[WhiteElo "2327"]
[BlackElo "2546"]
[WhiteFideId "8614750"]
[BlackFideId "14109336"]
[EventDate "2020.07.01"]
[EventType "k.o. blitz"]

1. d4 Nf6 2. c4 g6 3. Nf3 Bg7 4. e3 O-O 5. Be2 d6 6. O-O Nbd7 7. Nc3 e5 8. Qc2
Re8 9. Re1 c6 10. dxe5 dxe5 11. Rd1 Qc7 12. b3 Nc5 13. Ba3 b6 14. Bxc5 bxc5 15.
e4 Nh5 16. h3 Nf4 17. Rd2 Ne6 18. Na4 Bd7 19. Rad1 Rad8 20. Bf1 Bc8 21. Qc3 f6
22. Qe3 Bf8 23. g3 Nd4 24. b4 Bh6 25. Qxh6 Nxf3+ 26. Kg2 Rxd2 27. Rxd2 Nxd2 28.
Qxd2 cxb4 29. Qxb4 Be6 30. Nc5 Bf7 31. Be2 Qb6 32. Qa3 Rd8 33. Bg4 Rd2 34. Qe3
Rxa2 35. h4 Ra5 0-1

[Event "Women's Speed Chess GP2"]
[Site "chess.com INT"]
[Date "2020.07.01"]
[Round "1.3"]
[White "Lagno, Kateryna"]
[Black "Ning, Kaiyu"]
[Result "1-0"]
[WhiteTitle "GM"]
[BlackTitle "WIM"]
[WhiteElo "2546"]
[BlackElo "2327"]
[WhiteFideId "14109336"]
[BlackFideId "8614750"]
[EventDate "2020.07.01"]
[EventType "k.o. blitz"]

1. e4 e6 2. d4 d5 3. Nc3 Nf6 4. Bg5 dxe4 5. Nxe4 Be7 6. Nxf6+ Bxf6 7. Bxf6 Qxf6
8. Nf3 c5 9. c3 cxd4 10. Qxd4 Qxd4 11. Nxd4 a6 12. Be2 e5 13. Nb3 Nc6 14. Bf3
Bd7 15. O-O-O O-O-O 16. Nc5 Kc7 17. Nxd7 Rxd7 18. Rxd7+ Kxd7 19. Rd1+ Ke7 20. b4
f5 21. Bd5 Rc8 22. Kb2 g5 23. a4 b6 24. h4 g4 25. Ba2 Rd8 26. Rxd8 Nxd8 27. Bd5
Kd6 28. c4 a5 29. Kc3 h6 30. g3 h5 31. Bg8 f4 32. c5+ bxc5 33. bxa5 e4 34. a6 e3
35. a7 exf2 36. a8=Q f1=Q 37. Qxd8+ Ke5 38. Qd5+ Kf6 39. Qg5# 1-0

[Event "Women's Speed Chess GP2"]
[Site "chess.com INT"]
[Date "2020.07.01"]
[Round "1.4"]
[White "Ning, Kaiyu"]
[Black "Lagno, Kateryna"]
[Result "0-1"]
[WhiteTitle "WIM"]
[BlackTitle "GM"]
[WhiteElo "2327"]
[BlackElo "2546"]
[WhiteFideId "8614750"]
[BlackFideId "14109336"]
[EventDate "2020.07.01"]
[EventType "k.o. blitz"]

1. d4 Nf6 2. c4 g6 3. g3 c6 4. Bg2 d5 5. Qa4 Bg7 6. cxd5 Nxd5 7. Nf3 Bg4 8. e3
O-O 9. O-O Na6 10. h3 Bxf3 11. Bxf3 e5 12. dxe5 Bxe5 13. a3 Qf6 14. Kg2 Bxb2 15.
Ra2 Bxc1 16. Rxc1 Rad8 17. Qb3 Nb6 18. a4 Rd7 19. a5 Nd5 20. Nd2 Ndb4 21. Ne4
Qe5 22. Ra4 Nd3 23. Rc3 Ne1+ 0-1

[Event "Women's Speed Chess GP2"]
[Site "chess.com INT"]
[Date "2020.07.01"]
[Round "1.5"]
[White "Lagno, Kateryna"]
[Black "Ning, Kaiyu"]
[Result "1-0"]
[WhiteTitle "GM"]
[BlackTitle "WIM"]
[WhiteElo "2546"]
[BlackElo "2327"]
[WhiteFideId "14109336"]
[BlackFideId "8614750"]
[EventDate "2020.07.01"]
[EventType "k.o. blitz"]

1. e4 e6 2. d4 d5 3. Nc3 Bb4 4. exd5 exd5 5. Bd3 Nf6 6. Ne2 O-O 7. O-O c5 8.
dxc5 Bxc5 9. Bg5 Be6 10. Nf4 h6 11. Bxf6 Qxf6 12. Ncxd5 Bxd5 13. Nxd5 Qc6 14. b4
Bd6 15. c4 Kh8 16. Qf3 Nd7 17. Rfe1 Ne5 18. Qf5 Nxd3 19. Qxd3 Rad8 20. a3 a5 21.
Qb3 a4 22. Qa2 Bb8 23. g3 b5 24. Ne3 Rfe8 25. cxb5 Qf6 26. Rad1 Ba7 27. Rxd8
Rxd8 28. Qc2 Bd4 29. Qxa4 Bxe3 30. Rxe3 Rd2 31. Qa8+ Kh7 32. Qf3 Qa1+ 33. Kg2
Rd1 34. Qf5+ 1-0